Mzdové veličiny v roku 2022
Minimálna mzda a minimálne mzdové nároky na rok 2022. Príplatky - mzdové zvýhodnenia na rok 2022. Životné minimum od 1. 1. 2022. Základ dane a sadzba dane z príjmov fyzických osôb na rok 2022. Nezdaniteľná časť základu dane na daňovníka na rok 2022, nezdaniteľná časť základu dane na manželku (manžel...
Gespeichert in:
| 1. Verfasser: | |
|---|---|
| Format: | Buchkapitel |
| Sprache: | Slowakisch |
| Schlagworte: | |
| Tags: |
Keine Tags, Fügen Sie das erste Tag hinzu!
|
MARC
| LEADER | 00000naa a2200000 4500 | ||
|---|---|---|---|
| 001 | 0282118 | ||
| 005 | 20240417075155.6 | ||
| 041 | 0 | |a slo | |
| 044 | |a SK | ||
| 245 | 1 | 0 | |a Mzdové veličiny v roku 2022 |c Katarína Danajovičová |
| 520 | |a Minimálna mzda a minimálne mzdové nároky na rok 2022. Príplatky - mzdové zvýhodnenia na rok 2022. Životné minimum od 1. 1. 2022. Základ dane a sadzba dane z príjmov fyzických osôb na rok 2022. Nezdaniteľná časť základu dane na daňovníka na rok 2022, nezdaniteľná časť základu dane na manželku (manžela) na rok 2022, daňový bonus na dieťa na rok 2022. Príspevok na rekreáciu a príspevok na športovú činnosť. Sumy stravného v roku 2022, cestovné náhrady v roku 2022, atď. | ||
| 610 | 2 | 0 | |a mzdy minimálne |
| 610 | 2 | 0 | |a odvody |
| 610 | 2 | 0 | |a zamestnávatelia |
| 610 | 2 | 0 | |a zamestnanci |
| 610 | 2 | 0 | |a príplatky |
| 610 | 2 | 0 | |a minimum existenčné |
| 610 | 2 | 0 | |a základ dane |
| 610 | 2 | 0 | |a stravovanie zamestnancov |
| 610 | 2 | 0 | |a rekreácia |
| 610 | 2 | 0 | |a zákonník práce |
| 100 | 1 | |a Danajovičová, Katarína | |